000 00943nas a2200313 4500
001 BR0100012
003 BR-BrBNA
005 20231205102005.0
007 ta
008 230509b bl.|||p| |||| 00| 00por d
040 _aBR-BrBNA
_bpor
_cBiblioteca Nacional de Agricultura
041 _a(Pt)
072 _aF08; Q54
100 1 _aLempp, B.
100 1 _aMorais, M.G.
100 1 _aSouza, L.C.F.
245 1 _aProducao de milho em cultivo exclusivo ou consorciado com soja e qualidade de suas silagens
650 _aMilho
650 _aSoja
650 _aSilagem
650 _aMateria Seca
650 _aProteina Bruta
650 _aConsorciacao de Cultura
650 _aComposicao Quimica
650 _aQualidade
773 0 _tArquivo Brasileiro de Medicina Veterinaria e Zootecnia (Brazil)
_xISSN 0102-0935
_g(Jun 2000), v. 52(3) p. 243-249
_wBR0100012
909 _a202311
_bLúcia
_c55
_dLúcia Elande
942 _2AGRIS
_n0
_cANA
999 _c165133
_d165133